[Event "II Oliver Gonzalez Memorial"]
[Site "Madrid ESP"]
[Date "2011.10.14"]
[Round "7.33"]
[White "Hernandez Gutierrez,Jose"]
[Black "Vilarnovo Caamano,J"]
[Result "0-1"]
[WhiteElo "1890"]
[BlackElo "2087"]

1.e4 c5 2.Nf3 Nc6 3.Bb5 g6 4.Bxc6 dxc6 5.d3 Bg7 6.Nc3 e5 7.Be3 Qe7 8.Qd2 h6
9.h3 Nf6 10.Na4 b6 11.b3 Nd7 12.O-O Nf8 13.Nb2 Ne6 14.a4 f5 15.Qc1 f4 16.Bd2 Nd4
17.Nxd4 cxd4 18.c3 f3 19.cxd4 fxg2 20.Qxc6+ Kf7 21.Kxg2 exd4 22.Rac1 Rd8
23.Qc7 Bd7 24.Qg3 Bf6 25.Nc4 Kg7 26.f4 Bh4 27.Qh2 Be6 28.f5 gxf5 29.Kh1 fxe4
30.dxe4 Bxc4 31.Qg2+ Kh7 32.Rxc4 Rg8 33.Qe2 Rg3 34.Rf3 Rag8 35.Rc1 Qe6 36.Re1 Qxh3+  0-1

[Event "TCh-FIN SM-Liiga 2011-12"]
[Site "Oulu FIN"]
[Date "2011.10.14"]
[Round "7.4"]
[White "Valli,F"]
[Black "Saastamoinen,A"]
[Result "1-0"]
[WhiteElo "2260"]
[BlackElo "2164"]

1.e4 c5 2.Nf3 Nc6 3.Bb5 g6 4.Bxc6 dxc6 5.h3 Bg7 6.d3 Nf6 7.Nc3 b6 8.O-O O-O
9.Be3 Bb7 10.Nd2 e5 11.a4 a5 12.Nc4 Ne8 13.Qd2 Ba6 14.b3 Bxc4 15.bxc4 Nc7
16.Rab1 Ne6 17.Rb2 Rb8 18.Rfb1 Rb7 19.Ne2 f5 20.exf5 gxf5 21.Bh6 f4 22.Bxg7 Nxg7
23.Nc3 f3 24.g3 Qd7 25.Qh6 Nf5 26.Qg5+ Kh8 27.Ne4 Qd4 28.c3 Qd8 29.Qxd8 Rxd8
30.Nxc5 Rbb8 31.Rxb6 Rxb6 32.Rxb6 e4 33.Nxe4 Rxd3 34.Rxc6 Rd1+ 35.Kh2 Re1
36.Rf6 Ne7 37.Ng5 Ra1  1-0

[Event "Lichtenrader Autumn"]
[Site "Berlin GER"]
[Date "2011.10.15"]
[Round "8.6"]
[White "Boehnisch,M"]
[Black "Hein,C"]
[Result "1-0"]
[WhiteElo "2289"]
[BlackElo "2178"]

1.e4 c5 2.Nf3 Nc6 3.Bb5 d6 4.d4 cxd4 5.Qxd4 Bd7 6.Bxc6 Bxc6 7.Nc3 Nf6 8.Bg5 e6
9.O-O Be7 10.Rad1 h6 11.Bh4 O-O 12.Rfe1 Qa5 13.e5 dxe5 14.Nxe5 Qc7 15.Qc4 Rac8
16.Re2 Rfd8 17.Rxd8+ Bxd8 18.Nxc6 Qxc6 19.Qxc6 Rxc6 20.Nb5 a6 21.Nd4 Rd6
22.c3 Nh5 23.Bxd8 Rxd8 24.g3 Nf6 25.f4 g6 26.Kf2 Rd5 27.Ke3 h5 28.c4 Rd7
29.b4 b5 30.Kd3 bxc4+ 31.Kxc4 Nd5 32.b5 Rc7+ 33.Kb3 Rc3+ 34.Kb2 Rc4 35.Rd2 axb5
36.a3 Rc5 37.Rc2 Rxc2+ 38.Kxc2 Nc7 39.Kc3 Kf8 40.Kb4 Ke7 41.Nxb5 Nd5+ 42.Kc5 h4
43.a4 hxg3 44.hxg3 Kd7 45.a5 f6 46.a6 Kc8 47.Kd6 g5 48.f5  1-0

[Event "TCh-AUT 2 Ost 2011-12"]
[Site "Bruck AUT"]
[Date "2011.10.15"]
[Round "1"]
[White "Neumeier,K"]
[Black "Kammerer,G"]
[Result "1/2-1/2"]
[WhiteElo "2293"]
[BlackElo "2063"]

1.e4 c5 2.Nf3 Nc6 3.Bb5 g6 4.O-O Bg7 5.Re1 a6 6.Bxc6 dxc6 7.d3 e5 8.a4 a5
9.Na3 f6 10.Be3 b6 11.Nc4 Be6 12.Nfd2 Nh6 13.h3 Nf7 14.b4 axb4 15.a5 b5 16.Nb6 Ra6
17.Bxc5 Bf8 18.Bxf8 Kxf8 19.Qb1 Qe7 20.Qb2 Kg7 21.Reb1 Rb8 22.Nf1 Nd8 23.c3 b3
24.Nd2 Nb7 25.c4 Nxa5 26.Nxb3 Raxb6 27.Nxa5 Qc5 28.Qc2 bxc4 29.Rxb6 Rxb6
30.Nxc4 Rb4 31.Ra5 Qd4 32.Ne3 Qd6 33.Ra7+ Kg8 34.Ra6 Bd7 35.Nc4 Qc5 36.Qd2 Be6
37.Ra5 Rb1+ 38.Kh2 Qd4 39.Qh6 Rb8 40.Ne3 Qb6  1/2-1/2

[Event "II Oliver Gonzalez Memorial"]
[Site "Madrid ESP"]
[Date "2011.10.15"]
[Round "8.29"]
[White "Blanco Sanchez,J"]
[Black "Garcia Esteban,I"]
[Result "1-0"]
[WhiteElo "2115"]
[BlackElo "1965"]

1.e4 c5 2.Nf3 Nc6 3.Bb5 g6 4.c3 Bg7 5.O-O a6 6.Bxc6 dxc6 7.d4 cxd4 8.cxd4 Nf6
9.Nc3 Bg4 10.Be3 O-O 11.h3 Bxf3 12.Qxf3 Qa5 13.Qe2 Rad8 14.Rac1 e6 15.Rfd1 h6
16.Qc2 Qh5 17.Na4 Nd7 18.Qb3 b5 19.Nc5 Nb6 20.Nb7 Rb8 21.Na5 Nc4 22.Nxc6 Ra8
23.Re1 Rfe8 24.a4 Bf8 25.axb5 axb5 26.Bf4 g5 27.Qxb5 Nxb2 28.Bg3 Ba3 29.Ra1 f5
30.exf5 exf5 31.Rxe8+ Rxe8 32.Qxf5 Nc4 33.Qd3 Qf7 34.d5 Bb2 35.Ra7 Re1+ 36.Kh2 Ne5
37.Qd2  1-0

[Event "ch-UKR w 2011"]
[Site "Poltava UKR"]
[Date "2011.10.15"]
[Round "9.1"]
[White "Dolzhikova,K"]
[Black "Doluhanova,E"]
[Result "1-0"]
[WhiteElo "2311"]
[BlackElo "2250"]

1.e4 c5 2.Nf3 Nc6 3.Bb5 e6 4.Bxc6 bxc6 5.b3 d5 6.e5 Ne7 7.O-O Ng6 8.Nc3 Be7
9.Ba3 O-O 10.Na4 f6 11.d4 cxd4 12.Bxe7 Qxe7 13.Qxd4 fxe5 14.Nxe5 Nf4 15.Rae1 Ba6
16.c4 dxc4 17.Nc5 Rad8 18.Qe3 Bc8 19.bxc4 Rf5 20.g3 g5 21.Nxc6 Qf8 22.Nxd8 Rxc5
23.gxf4 gxf4 24.Qd3 Rc7 25.Kh1 e5 26.Qd5+ Kh8 27.Qxe5+ Rg7 28.Rg1  1-0

[Event "TCh-FIN SM-Liiga 2011-12"]
[Site "Porvoo FIN"]
[Date "2011.10.15"]
[Round "3.4"]
[White "Nyysti,S"]
[Black "Ebeling,D"]
[Result "1-0"]
[WhiteElo "2332"]
[BlackElo "2232"]

1.e4 c5 2.Nf3 Nc6 3.Bb5 Nf6 4.Nc3 Qc7 5.O-O Nd4 6.Re1 a6 7.Bd3 Ng4 8.g3 Nxf3+
9.Qxf3 Ne5 10.Qe3 e6 11.Bf1 d6 12.b3 Be7 13.Bb2 Bf6 14.Nd1 O-O 15.f4 Ng4
16.Qe2 Bxb2 17.Nxb2 Nf6 18.e5 dxe5 19.Qxe5 Qe7 20.Na4 Nd7 21.Qc7 Qd8 22.Qxd8 Rxd8
23.c4 Rb8 24.Rad1 b5 25.cxb5 axb5 26.Nc3 b4 27.Na4 Bb7 28.d4 cxd4 29.Rxd4 Bd5
30.Nb2 Ra8 31.Na4 Rab8 32.Nb2 Ra8 33.Nd3 Rxa2 34.Nxb4 Ra5 35.Bc4 Kf8 36.Red1 Rc8
37.Nxd5 exd5 38.Rxd5 Rxd5 39.Bxd5 Nb6 40.Be4 Rc3 41.Rd3 Rc1+ 42.Kf2 Ke7 43.Rd4 h6
44.Rb4 Nd7 45.Rb7 Ke6 46.b4 Nf6 47.Rb6+ Kd7 48.Bf5+ Kc7 49.Ra6 Kb7 50.Ra2 Rh1
51.Ke3 Nd5+ 52.Kd4 Rd1+ 53.Kc5 Nc3 54.Bg4 Rd3 55.Rc2 Na4+ 56.Kb5 Nb6 57.Be2 Rd5+
58.Rc5 Rxc5+ 59.Kxc5 Kc7 60.Bc4 Nd7+ 61.Kd4 f6 62.Bb5 Nf8 63.Kd5 g5 64.f5 Kb6
65.Be8 Kc7 66.g4 Kd8 67.Bc6 Kc7 68.b5  1-0

[Event "Indonesia Open"]
[Site "Jakarta INA"]
[Date "2011.10.17"]
[Round "6.22"]
[White "Juswanto,D"]
[Black "Sutarno"]
[Result "1-0"]
[WhiteElo "2428"]
[BlackElo "2277"]

1.e4 c5 2.Nf3 Nc6 3.Bb5 e6 4.Bxc6 dxc6 5.O-O Nf6 6.d3 Qc7 7.e5 Nd7 8.Re1 Be7
9.Nc3 h6 10.a4 b6 11.a5 b5 12.b3 Ba6 13.Bb2 O-O-O 14.Ne4 g5 15.Nd6+ Bxd6
16.exd6 Qxd6 17.Bxh8 Rxh8 18.Qe2 Kc7 19.Nd2 e5 20.Ne4 Qe7 21.Qf3 Bc8 22.c3 Rf8
23.d4 f5 24.Nxc5 Nxc5 25.dxc5 Qxc5 26.b4 Qd5 27.Qe3 Kb8 28.Rad1  1-0

[Event "Indonesia Open"]
[Site "Jakarta INA"]
[Date "2011.10.18"]
[Round "8.7"]
[White "Gomez,Joh"]
[Black "Zhao Jun"]
[Result "0-1"]
[WhiteElo "2515"]
[BlackElo "2587"]

1.e4 c5 2.Nf3 Nc6 3.Bb5 Nf6 4.e5 Nd5 5.Nc3 Nc7 6.Bxc6 dxc6 7.h3 h6 8.d3 Bf5
9.g4 Bh7 10.b3 e6 11.Ne4 Nd5 12.c4 Nb4 13.Ke2 Qa5 14.Ne1 O-O-O 15.f3 Be7
16.a3 Na6 17.Bb2 h5 18.Qd2 Qb6 19.Qc2 Rd7 20.Ng2 Qd8 21.Nf4 h4 22.Nh5 Rg8
23.Rad1 Bg6 24.Nf4 Bh7 25.Bc3 Nc7 26.b4 cxb4 27.axb4 f5 28.exf6 gxf6 29.b5 cxb5
30.cxb5 e5 31.Nh5 Kb8 32.b6 Nd5 33.bxa7+ Ka8 34.Bd2 f5 35.Nf2 Bb4 36.Ra1 Rc7
37.Qb2 Bxd2 38.Qxd2 Bg6 39.Qb2 Bxh5 40.gxh5 Nf4+ 41.Ke3 Qg5 42.Rhg1 Ng2+
43.Ke2 Qe3+ 44.Kf1 Qxf3  0-1

[Event "XXIX Balaton Open A"]
[Site "Heviz HUN"]
[Date "2011.10.20"]
[Round "3"]
[White "Chernyshov,K"]
[Black "Cebalo,M"]
[Result "1-0"]
[WhiteElo "2559"]
[BlackElo "2478"]

1.e4 c5 2.Nf3 Nc6 3.Bb5 d6 4.O-O Bd7 5.Re1 Nf6 6.Nc3 g6 7.Bxc6 Bxc6 8.e5 dxe5
9.Nxe5 Rc8 10.Qe2 Bg7 11.Nb5 Bxb5 12.Qxb5+ Nd7 13.Nc4 Qc7 14.d3 O-O 15.Rxe7 Rfe8
16.Bg5 Rxe7 17.Bxe7 a6 18.Qb3 Re8 19.Bd6 Qc6 20.Bg3 b5 21.Ne3 Bd4 22.Re1 c4
23.dxc4 bxc4 24.Qb4 Nb6 25.b3 h5 26.Nf1 Rxe1 27.Qxe1 Qf6 28.Qe4 Bc5 29.Bf4 Kh7
30.g3 h4 31.Be3 Bxe3 32.Nxe3 h3 33.Kf1 Kg8 34.Ke2 cxb3 35.axb3 Nd7 36.Nd5 Qd6
37.f4 Nf6 38.Nxf6+ Qxf6 39.Qe8+ Kh7 40.Qd7 Kg7 41.Kd3 Kf8 42.Qc8+ Ke7 43.Qc5+  1-0

[Event "ch-CRC 2011"]
[Site "San Jose CRC"]
[Date "2011.10.20"]
[Round "3"]
[White "Munoz,Ca"]
[Black "Cabrera,Ma"]
[Result "0-1"]
[WhiteElo "2017"]
[BlackElo "2154"]

1.e4 c5 2.Nf3 Nc6 3.Bb5 Nd4 4.Nxd4 cxd4 5.c4 g6 6.d3 Bg7 7.O-O e6 8.f4 Ne7
9.Nd2 f5 10.e5 O-O 11.Nf3 d6 12.Ba4 h6 13.Qe1 dxe5 14.Nxe5 Kh7 15.Rf2 Bf6
16.Bd1 Nc6 17.Nxc6 bxc6 18.Bf3 Qd6 19.Re2 Rb8 20.b3 Qc5 21.Bd2 Re8 22.Qf2 Qd6
23.Rae1 c5 24.g3 Bd7 25.g4 Rb6 26.g5 Bg7 27.gxh6 Bf6 28.Kh1 Re7 29.Rg1 Be8
30.Qg2 Bf7 31.Qh3 Ra6 32.Bc1 Re8 33.Reg2 Qf8 34.Re1 Qxh6 35.Qxh6+ Kxh6 36.Rge2 Re7
37.Kg2 Rd7 38.Rc2 Be7 39.Ree2 Bd6 40.Re1 Rb6 41.Bd2 Kg7 42.Rb2 Rb8 43.a3 a5
44.Bc6 Ra7 45.a4 Rh8 46.h3 Rh4 47.Rf1 Bc7 48.Rbb1 Ra6 49.Bb5 Ra8 50.Rbe1 Rah8
51.Rf3 g5 52.fxg5 Bh5 53.Rxf5 Bg4 54.Rxc5 Bxh3+ 55.Kf2 Rf8+  0-1

[Event "TCh-AUT 2 Mitte 2011-12"]
[Site "St Valentin AUT"]
[Date "2011.10.21"]
[Round "1"]
[White "Wiesinger,R"]
[Black "Petschar,K"]
[Result "0-1"]
[WhiteElo "2277"]
[BlackElo "2312"]

1.e4 c5 2.Nf3 Nc6 3.Bb5 d6 4.O-O Bd7 5.c3 Nf6 6.Re1 a6 7.Ba4 b5 8.Bc2 e5
9.d3 g6 10.Nbd2 Bg7 11.Nf1 O-O 12.h3 h6 13.d4 cxd4 14.cxd4 Nxd4 15.Nxd4 exd4
16.Qxd4 Rc8 17.Qd1 Qc7 18.Bd3 Bc6 19.f3 Rfe8 20.Bd2 d5 21.exd5 Rxe1 22.Bxe1 Nxd5
23.Bg3 Qe7 24.Qb3 Qb4 25.Be1 Qd4+ 26.Bf2 Qxb2 27.Rd1 Qxb3 28.axb3 Nf4 29.Bb1 Ne2+
30.Kh1 Nc3 31.Re1 Nxb1 32.Rxb1 a5 33.Ne3 a4 34.bxa4 bxa4 35.Nc2 Bxf3 36.Nd4 Be4
37.Rb4 a3 38.Ra4 Ra8  0-1

[Event "1st Central Asia Cup"]
[Site "Tashkent UZB"]
[Date "2011.10.21"]
[Round "4.22"]
[White "Ziyaev,N"]
[Black "Nasriddinzoda,M"]
[Result "1/2-1/2"]
[WhiteElo "2236"]
[BlackElo "2027"]

1.e4 c5 2.Nf3 Nc6 3.Bb5 g6 4.c3 Bg7 5.O-O e5 6.d3 Nge7 7.Nbd2 O-O 8.Nc4 a6
9.Bxc6 Nxc6 10.Ne3 d6 11.Nd5 h6 12.Nd2 Be6 13.Nc4 Bxd5 14.exd5 Ne7 15.Ne3 b5
16.Rb1 f5 17.f3 f4 18.Ng4 Rf7 19.c4 Nf5 20.Nf2 g5 21.Ne4 b4 22.a3 a5 23.Ra1 Qe8
24.Bd2 Rb7 25.g4 fxg3 26.hxg3 Qg6 27.g4 Nd4 28.axb4 cxb4 29.Be3 Rf7 30.Kg2 Rfa7
31.b3 Bf8 32.Ng3 Rf7 33.Ra2 Bg7 34.Ne4 Rfa7 35.Re1 Rf7 36.Rf2 Raf8 37.Bxd4 exd4
38.Ng3 Be5 39.Nf5 h5 40.Rh1 h4 41.Qe2 Qf6 42.Qa2 Ra7 43.Re2 a4 44.bxa4 Rfa8
45.Ra1 h3+ 46.Kh1 Qh8 47.Qb3 h2 48.Qd1 Qh3 49.Rf2 Kf7 50.f4 Bxf4 51.Nxd6+ Kg6
52.Nf5 b3 53.Qxb3 Rb8 54.Qd1 Rab7 55.Qe1 Be3 56.Nxe3 dxe3 57.Rxh2 Qf3+ 58.Kg1 Rb2
59.Qf1 Qxg4+ 60.Rg2 Qd4 61.Re1 Rd2 62.Ree2 Rxd3 63.Rxg5+ Kxg5 64.Rg2+ Kh6
65.Rh2+ Kg5 66.Rg2+  1/2-1/2

[Event "26th Le Touquet Open"]
[Site "Le Touquet FRA"]
[Date "2011.10.22"]
[Round "1.15"]
[White "Marzolf,B"]
[Black "Fleurquin,Bo"]
[Result "0-1"]
[WhiteElo "2267"]
[BlackElo "1935"]

1.e4 c5 2.Nf3 Nc6 3.Bb5 d6 4.O-O Nf6 5.Re1 e5 6.c3 Be7 7.d4 exd4 8.cxd4 Bd7
9.Nc3 O-O 10.d5 Nb4 11.a3 Bxb5 12.axb4 Qb6 13.bxc5 Qxc5 14.Be3 Qb4 15.Qd4 Qxd4
16.Bxd4 a6 17.Nxb5 axb5 18.Bc3 Rxa1 19.Rxa1 Nxe4 20.Re1 Nxc3 21.Rxe7 Nxd5
22.Rxb7 Rc8 23.g3 Nc7 24.Nd4 Kf8 25.Nf5 d5 26.Nd6 Rd8 27.Nxf7 Kxf7 28.Rxc7+ Ke6
29.Kf1 g5 30.Ke2 Rd7 31.Rc5 Rb7 32.b4 Ke5 33.Ke3 g4 34.Rc8 Re7 35.Kd3 Rf7
36.Re8+ Kd6 37.Rd8+ Ke5 38.Re8+ Kd6 39.Kd4 Rxf2 40.Rd8+ Kc6 41.Rg8 Rxh2 42.Rxg4 Rc2
43.Rg7 Rc4+ 44.Kd3 Rxb4 45.Rxh7 Rg4 46.Rh3 b4 47.Kc2 Kc5 48.Kb2 Rg5 49.Kb3 d4
50.g4 Rd5 51.Rh1 d3 52.Rd1 Kd4 53.Kxb4 Rg5 54.Rg1 Rg8 55.g5 Rb8+ 56.Ka3 Kc3  0-1

[Event "1st Central Asia Cup"]
[Site "Tashkent UZB"]
[Date "2011.10.22"]
[Round "5.8"]
[White "Nugumanov,B"]
[Black "Isaev,J"]
[Result "1-0"]
[WhiteElo "2216"]
[BlackElo "2385"]

1.e4 c5 2.Nf3 Nc6 3.Bb5 g6 4.Bxc6 dxc6 5.d3 Bg7 6.h3 Nf6 7.Nc3 O-O 8.Be3 Nd7
9.Qd2 Re8 10.O-O e5 11.Nh2 Qe7 12.f4 exf4 13.Bxf4 Ne5 14.Nf3 Nxf3+ 15.Rxf3 Be6
16.Bh6 Rad8 17.Bxg7 Kxg7 18.Ne2 f6 19.Raf1 Rf8 20.Qc3 Bg8 21.a4 b5 22.axb5 cxb5
23.Qa5 b4 24.Nf4 Rd7 25.b3 Qe5 26.Qa1 Qd4+ 27.Kh2 Qxa1 28.Rxa1 f5 29.exf5 Rxf5
30.g4 Re5 31.Ra5 Rde7 32.Kg3 Bf7 33.h4 Be8 34.Ra6 Bb5 35.Rd6 a5 36.Rb6 Bd7
37.Ra6 Re1 38.Nd5 Rf7 39.Rxf7+ Kxf7 40.Rxa5 Rg1+ 41.Kf4 g5+ 42.hxg5 Rxg4+
43.Ke5 Rxg5+ 44.Kd6 Bg4 45.Rxc5 h5 46.Ne3 Rxc5 47.Kxc5 Be6 48.Kxb4 Kf6 49.Kc3 h4
50.Kd2 Bh3  1-0

[Event "33rd Arco Open"]
[Site "Arco ITA"]
[Date "2011.10.23"]
[Round "2"]
[White "Mumelter,I"]
[Black "Ludwig,T"]
[Result "1-0"]
[WhiteElo "1876"]
[BlackElo "1700"]

1.e4 c5 2.Nf3 Nc6 3.Bb5 g6 4.O-O Bg7 5.Re1 a6 6.Bxc6 bxc6 7.d3 d6 8.c3 Qc7
9.Be3 e5 10.d4 cxd4 11.cxd4 Bg4 12.Na3 Ne7 13.dxe5 Bxe5 14.Nc4 Bxf3 15.Qxf3 Bg7
16.Rad1 Rd8 17.Bb6  1-0

[Event "33rd Arco Open"]
[Site "Arco ITA"]
[Date "2011.10.23"]
[Round "2"]
[White "Beltrami,N"]
[Black "Dittmar,P"]
[Result "0-1"]
[WhiteElo "1961"]
[BlackElo "2305"]

1.e4 c5 2.Nf3 Nc6 3.Bb5 a6 4.Bxc6 dxc6 5.d3 Qc7 6.O-O e5 7.Be3 Bd6 8.Nbd2 Ne7
9.h3 f6 10.Nb3 b6 11.a4 a5 12.Nh4 Be6 13.Qh5+ g6 14.Qf3 Bxb3 15.cxb3 O-O
16.Qg4 Qc8 17.Qd1 g5 18.Nf3 Ng6 19.Nd2 Rd8 20.Nc4 Bc7 21.Qe2 Qd7 22.Rad1 Nf8
23.h4 h6 24.hxg5 hxg5 25.Qh5 Qf7 26.Qg4 Qe6 27.Qh5 Rd7 28.Qe2 Rh7 29.f3 Qf7
30.Qf2 Ne6 31.Qg3 Rh4 32.Rfe1 Rd8 33.Bxg5 fxg5  0-1

[Event "TCh-CZE Liga1 Vychod"]
[Site "Czech Rep CZE"]
[Date "2011.10.23"]
[Round "2"]
[White "Malik, Jan"]
[Black "Zwardon, Vojtech"]
[Result "1/2-1/2"]
[WhiteElo "2352"]
[BlackElo "2297"]

1.e4 c5 2.Nf3 Nc6 3.Bb5 g6 4.O-O Bg7 5.c3 Nf6 6.d4 Nxe4 7.d5 Nb8 8.Re1 Nd6
9.Bd3 O-O 10.Bf4 b5 11.Qe2 Bb7 12.Bxb5 Bxd5 13.Qd3 Bc6 14.Bxc6 dxc6 15.Na3 Qb6
16.Rxe7 Qxb2 17.Rb1 Qxa3 18.Bxd6 Na6 19.Qc4 Rad8 20.Be5 Rde8 21.Rxa7 Bxe5
22.Nxe5 Rxe5 23.Rxa6 Re4 24.Rxa3 Rxc4  1/2-1/2

[Event "TCh-SUI 2011"]
[Site "Lausanne SUI"]
[Date "2011.10.23"]
[Round "9.6"]
[White "Vogt,L"]
[Black "Wirthensohn,H"]
[Result "1/2-1/2"]
[WhiteElo "2413"]
[BlackElo "2390"]

1.e4 c5 2.Nf3 Nc6 3.Bb5 Nf6 4.Nc3 Qc7 5.O-O Nd4 6.Re1 Ng4 7.e5 Nxf3+ 8.Qxf3 Nxe5
9.Qg3 f6 10.Nd5 Qd6 11.c4 e6 12.b4 Kf7 13.bxc5 Qxc5 14.d4 Qxd4 15.Be3 Qb2
16.Nc7 Bd6 17.Rab1 Qa3 18.Nxa8 Nd3 19.Qh4 Nxe1 20.Rxe1 a6 21.c5 axb5 22.cxd6 Qxa8
23.Bb6 Qxa2 24.Qd4 Qc4 25.Qe3  1/2-1/2

[Event "26th Le Touquet Open"]
[Site "Le Touquet FRA"]
[Date "2011.10.23"]
[Round "2.6"]
[White "Van Oosterom,C"]
[Black "Roger,M"]
[Result "1/2-1/2"]
[WhiteElo "2389"]
[BlackElo "2153"]

1.e4 c5 2.Nf3 Nc6 3.Bb5 g6 4.c3 Nf6 5.e5 Nd5 6.O-O Bg7 7.d4 cxd4 8.cxd4 O-O
9.Nc3 Nxc3 10.bxc3 d6 11.exd6 Qxd6 12.a4 a6 13.Bc4 Bg4 14.h3 Bxf3 15.Qxf3 Nxd4
16.Qxb7 Qc6 17.Qxc6 Nxc6 18.Ba3 Bxc3 19.Rab1 a5 20.Bd5 Rac8 21.Bxc6 Rxc6
22.Bxe7 Re8 23.Ba3 Rc4 24.Rfc1 Rec8 25.Rb5 h5 26.Bd6 Rxa4 27.Be5 Ra1 28.Rxa1 Bxa1
29.Rxa5 Bxe5 30.Rxe5  1/2-1/2

[Event "26th Le Touquet Open"]
[Site "Le Touquet FRA"]
[Date "2011.10.23"]
[Round "2.5"]
[White "Jaulin,P"]
[Black "Lazarev,V"]
[Result "0-1"]
[WhiteElo "2162"]
[BlackElo "2431"]

1.e4 c5 2.Nf3 Nc6 3.Bb5 g6 4.O-O Bg7 5.c3 Nf6 6.d4 cxd4 7.cxd4 Nxe4 8.d5 Nd6
9.Ba4 b5 10.dxc6 bxa4 11.Nc3 dxc6 12.Qxa4 O-O 13.Bg5 h6 14.Be3 Bd7 15.Rac1 c5
16.Qd1 Rc8 17.Re1 Nc4 18.Qe2 Nxe3 19.Qxe3 Be6 20.b3 c4 21.Qxa7 cxb3 22.Rcd1 Qe8
23.Ne4 bxa2 24.Nd4 Qd7  0-1

[Event "26th Le Touquet Open"]
[Site "Le Touquet FRA"]
[Date "2011.10.24"]
[Round "4.8"]
[White "Jaulin,P"]
[Black "Bernard,Ch1"]
[Result "1-0"]
[WhiteElo "2162"]
[BlackElo "2327"]

1.e4 c5 2.Nf3 Nc6 3.Bb5 Nd4 4.Nxd4 cxd4 5.c3 Qb6 6.a4 e6 7.d3 Nf6 8.O-O a6
9.Bc4 d5 10.exd5 exd5 11.Re1+ Be6 12.a5 Qc7 13.Bb3 Bd6 14.h3 O-O 15.cxd4 Bb4
16.Bd2 Bxd2 17.Nxd2 Rac8 18.Nf3 Qd6 19.Qd2 Rc7 20.Ne5 Rfc8 21.Re2 h6 22.Rae1 Nd7
23.Ng6 Nf6 24.Ne5 Bd7 25.g4 Bb5 26.f4 Nh7 27.Nf3 Nf8 28.Nh4 Ne6 29.Re5 Nxd4
30.Bxd5 Rd8 31.Qf2 Nc2 32.Nf5 Qf8 33.Ne7+ Rxe7 34.Rxe7 Rxd5 35.Qg2 Rxd3 36.Qe4  1-0

[Event "33rd Arco Open"]
[Site "Arco ITA"]
[Date "2011.10.25"]
[Round "4.63"]
[White "Roversi,S"]
[Black "Cordioli,Luca"]
[Result "1/2-1/2"]
[WhiteElo "1822"]
[BlackElo "1658"]

1.e4 c5 2.Nf3 Nc6 3.Bb5 d6 4.O-O Bd7 5.Nc3 Nf6 6.Re1 e5 7.d3 Be7 8.Bg5 O-O
9.Qd2 a6 10.Bc4 b5 11.Bxf6 Bxf6 12.Bd5 Rb8 13.a3 Ne7 14.Ba2 h6 15.Ne2 Qc8
16.Ng3 Ng6 17.Nh5 Qd8 18.h3 Qe7 19.Nxf6+ Qxf6 20.Re3 Be6 21.Nh2 Bxa2 22.Rxa2 Qe6
23.Ra1 f5 24.exf5 Rxf5 25.Rg3 Nf4 26.Re1 Qd7 27.Nf3 Qc7 28.Qe3 Qc6 29.c3 Nh5
30.Rg4 Nf6  1/2-1/2

[Event "1st WCGD"]
[Site "Dresden GER"]
[Date "2011.10.26"]
[Round "3"]
[White "Salov,S"]
[Black "Gruender,M"]
[Result "1-0"]
[WhiteElo "2253"]
[BlackElo "1999"]

1.e4 c5 2.Nf3 Nc6 3.Bb5 Qb6 4.Nc3 e6 5.O-O a6 6.Bxc6 Qxc6 7.d4 cxd4 8.Nxd4 Qc7
9.Re1 d6 10.Bf4 Ne7 11.Ndb5  1-0

[Event "1st WCGD"]
[Site "Dresden GER"]
[Date "2011.10.26"]
[Round "3"]
[White "Amarnath,I"]
[Black "Anfinogenov,A"]
[Result "0-1"]
[WhiteElo "2044"]
[BlackElo "2098"]

1.e4 c5 2.Nf3 Nc6 3.Bb5 e5 4.O-O Nge7 5.c3 g6 6.d4 cxd4 7.cxd4 exd4 8.Nxd4 Bg7
9.Nb3 O-O 10.Nc3 b6 11.Bg5 Bb7 12.Qd2 a6 13.Bc4 Ne5 14.Bd5 Bxd5 15.Nxd5 f6
16.Be3 Nc4 17.Qb4 Nxe3 18.Nxe7+ Kf7 19.Nxg6 Nxf1 20.Nxf8 Nxh2 21.Kxh2 Qc7+
22.g3 Bxf8 23.Qd4 Qd6 24.Qe3 Re8 25.Re1 Qe5 26.Re2 d5 27.Rd2 Qh5+ 28.Kg2 Rxe4
29.Qxb6 Re1 30.Qb7+ Kg6  0-1

[Event "World Youth U16 Ol"]
[Site "Kocaeli TUR"]
[Date "2011.10.26"]
[Round "4.1"]
[White "Beradze,I"]
[Black "Grigoryan,K2"]
[Result "0-1"]
[WhiteElo "2294"]
[BlackElo "2473"]

1.e4 c5 2.Nf3 Nc6 3.Bb5 e6 4.O-O Nge7 5.c3 a6 6.Bxc6 Nxc6 7.d4 d5 8.Bg5 f6
9.exd5 Qxd5 10.Be3 c4 11.b3 Na5 12.b4 Nc6 13.a4 Bd7 14.Nbd2 Rc8 15.Qc2 Ne7
16.Rfe1 Ng6 17.Ne4 Bc6 18.Bd2 Be7 19.Ng3 O-O 20.Qe4 Qxe4 21.Nxe4 Rfd8 22.Re2 a5
23.b5 Bd5 24.Kf1 h6 25.Ng3 Kf7 26.Rae1 f5 27.Ne5+ Nxe5 28.Rxe5 Bf6 29.R5e2 g5
30.Bc1 b6 31.Ba3 Rd7 32.Nh5 Bd8 33.f3 Bc7 34.Kg1 f4 35.g4 Re8 36.Kf2 Bb7
37.h4 Rd5 38.hxg5 hxg5 39.Rh1 Rh8 40.Rhe1 Bc8 41.Kg2 Bd7 42.Kf2 Re8 43.Re4 Bc8
44.Rh1 Kg6 45.Rhe1 Kf7 46.Rh1 Rdd8 47.Ree1 Kg6 48.Re2 e5 49.Rhe1 Bb7 50.dxe5 Rd3
51.e6 Bxf3 52.e7 Bxg4  0-1

[Event "26th Le Touquet Open"]
[Site "Le Touquet FRA"]
[Date "2011.10.26"]
[Round "6.27"]
[White "Devoille,H"]
[Black "Levers,T"]
[Result "1-0"]
[WhiteElo "1834"]
[BlackElo "1933"]

1.e4 c5 2.Nf3 Nc6 3.Bb5 e6 4.Bxc6 bxc6 5.O-O Ne7 6.d3 Ng6 7.Nc3 Be7 8.Re1 e5
9.Ne2 d6 10.Ng3 O-O 11.c3 Nh4 12.Nxh4 Bxh4 13.Rf1 f5 14.Nxf5 Bxf5 15.exf5 Rxf5
16.Qa4 Qf6 17.Qxc6 Rf8 18.f3 Qg6 19.Be3 Bg5 20.Bxg5 Rxg5 21.Qd5+ Kh8 22.Rf2 h5
23.Qe4 Qf7 24.a4 Rf5 25.Qc6 Qf6 26.Rb1 g5 27.b4 cxb4 28.cxb4 g4 29.b5 e4
30.Qxe4 Rf4 31.Qd5 gxf3 32.Rxf3 Rxf3 33.Qxh5+ Kg7 34.gxf3 Qd4+ 35.Kh1 Qxd3
36.Rg1+ Kf6 37.Qh6+ Ke7 38.Re1+ Kf7 39.Qe6+ Kg7 40.Rg1+ Kh8 41.Qh6+  1-0

[Event "Chinese League"]
[Site "Qingdao CHN"]
[Date "2011.10.26"]
[Round "13"]
[White "Wang Chen"]
[Black "Yu Yangyi"]
[Result "1/2-1/2"]
[WhiteElo "2435"]
[BlackElo "2652"]

1.e4 c5 2.Nf3 Nc6 3.Bb5 g6 4.O-O Bg7 5.Re1 Nf6 6.e5 Nd5 7.Nc3 Nc7 8.Bxc6 dxc6
9.Ne4 Ne6 10.d3 O-O 11.Be3 b6 12.Qd2 Nd4 13.Nxd4 cxd4 14.Bh6 c5 15.Bxg7 Kxg7
16.Ng3 Bb7 17.f4 f5 18.exf6+ exf6 19.f5 Qd5 20.Re7+ Rf7 21.Re2 Bc6 22.b3 Re8
23.Rxe8 Bxe8 24.Re1 Bc6 25.Re2 Qd6 26.Re6 Qd5 27.Re2 Qd6 28.Re6 Qd5 29.Re2 Qd6
30.Re6 Qd5  1/2-1/2

[Event "1st Central Asia Cup"]
[Site "Tashkent UZB"]
[Date "2011.10.26"]
[Round "9.9"]
[White "Djuraev,S"]
[Black "Kurbonboeva,Sarvinoz"]
[Result "1-0"]
[WhiteElo "2381"]
[BlackElo "2131"]

1.e4 c5 2.Nf3 Nc6 3.Bb5 g6 4.Bxc6 dxc6 5.O-O Bg7 6.d3 Bg4 7.h3 Bxf3 8.Qxf3 Nf6
9.a4 O-O 10.Be3 Nd7 11.Nd2 e5 12.Nc4 b6 13.Qg3 b5 14.Nd2 a6 15.Ra2 Qe7 16.Rfa1 Qd6
17.Kh1 Rfe8 18.Qg4 Kh8 19.g3 Nf8 20.f4 Ne6 21.Qf3 Rf8 22.f5 Nd4 23.Bxd4 cxd4
24.Nf1 Rfb8 25.Nh2 bxa4 26.Ng4 c5 27.h4 Rb6 28.h5 gxh5 29.Nf2 Rab8 30.Rxa4 Qh6
31.b3 Rg8 32.Kg2 Bf8 33.Rh1 h4 34.g4 Be7 35.Raa1 Qg5 36.Kh3 Qd2 37.Ra2 h5
38.Rg1 Qh6 39.Raa1 Qd2 40.gxh5 Rg3+ 41.Rxg3 hxg3 42.Ng4 Rh6 43.Kxg3 Rxh5
44.f6 Bf8 45.Rh1 Qg5 46.Rxh5+ Qxh5 47.Qf5 Qh1 48.Qxe5 Qg1+ 49.Kh4 Qe1+ 50.Qg3 Qh1+
51.Qh2 Qc1 52.e5 Kg8 53.Qe2 Qf4 54.Qf2 Bh6 55.Qxf4 Bxf4 56.Kh5 Kf8 57.e6 fxe6
58.Kg6 Kg8 59.f7+ Kf8 60.Nf6 Ke7 61.Nd7 Kxd7 62.f8=Q Bd6 63.Qa8  1-0

[Event "Banicky kahanec 2011"]
[Site "Zajezova SVK"]
[Date "2011.10.26"]
[Round "3"]
[White "Kriebel,T"]
[Black "Simacek,P"]
[Result "0-1"]
[WhiteElo "2339"]
[BlackElo "2462"]

1.e4 c5 2.Nf3 Nc6 3.Bb5 g6 4.O-O Bg7 5.Re1 Nf6 6.e5 Nd5 7.Nc3 Nc7 8.Bf1 O-O
9.Ne4 Ne6 10.c3 Nxe5 11.Nxe5 Bxe5 12.Nxc5 Qc7 13.Rxe5 Qxe5 14.d4 Qc7 15.Nxe6 fxe6
16.Bd3 Qa5 17.Qg4 Qh5 18.Qxh5 gxh5 19.Bg5 Rf7 20.Be2 Kg7 21.h4 Kg6 22.Bd3+ Kg7
23.Re1 d6 24.Be2 Kg6 25.Bd3+ Kg7 26.Be2 Kg6 27.Bf3 Rb8 28.Be4+ Kg7 29.Bd2 Bd7
30.Re3 Bc6 31.Bd3 Rbf8 32.Rxe6 Rxf2 33.Bh6+ Kg8 34.Bxf8 Rxg2+ 35.Kf1 Kxf8
36.Re2 Rg4 37.Rh2 Kg7 38.Kf2 e5 39.dxe5 dxe5 40.Be2 Rf4+ 41.Kg3 Kg6 42.Bd1 Rf1
43.Rd2 Rg1+ 44.Kh2 Rh1+ 45.Kg3 Rg1+ 46.Kh2 Re1 47.Kg3 Re3+ 48.Kh2 e4 49.Re2 Rxe2+
50.Bxe2 Kf5 51.Kg3 e3 52.Bf3 Be4 53.Bxh5 b6 54.Be2 Bd5 55.Bd1 Ke5 56.a3 Be4
57.Be2 h6 58.b4 Kf5 59.Bg4+ Ke5 60.Be2 Bd5 61.c4 Bc6 62.c5 bxc5 63.bxc5 Kd4
64.Kf4 Be4 65.h5 a5 66.Ba6 Bc6 67.Be2 Be8 68.Kf5 Kc3 69.Kf6 Kd2 70.Bf3 e2
71.Bxe2 Kxe2 72.Kg7 Bxh5 73.c6 Bg4 74.Kxh6 a4 75.Kg5 Bh3 76.Kf4 Kd3 77.Kg3 Bc8
78.Kf2 Kc3 79.Ke1 Kb2 80.Kd2 Kxa3 81.Kc2 Bf5+ 82.Kc3 Ka2 83.c7 a3  0-1

[Event "12th Liberec Open"]
[Site "Liberec CZE"]
[Date "2011.10.28"]
[Round "8"]
[White "Pedersen,HB"]
[Black "Klecker,T"]
[Result "0-1"]
[WhiteElo "2118"]
[BlackElo "2191"]

1.e4 c5 2.Nf3 Nc6 3.Bb5 g6 4.Bxc6 dxc6 5.d3 Bg7 6.h3 b6 7.Nc3 f6 8.Be3 Nh6
9.a4 a5 10.Qd2 Nf7 11.O-O e5 12.Ne2 f5 13.exf5 gxf5 14.Ng5 f4 15.Nxf4 exf4
16.Nxf7 Kxf7 17.Bxf4 Re8 18.Bg5 Qd6 19.Bf4 Qg6 20.Bg3 Bf5 21.Rfe1 Bxb2 22.Rxe8 Rxe8
23.Rb1 Qf6 24.Qf4 Be5 25.Qf3 Bg6 26.Qg4 Qf5 27.Qc4+ Qe6 28.Qh4 Bf6 29.Qf4 Kg8
30.Rxb6 c4 31.Qf3 cxd3 32.cxd3 Rc8 33.Kh2 Bc3 34.Rb7 Qd5 35.Qg4 Re8 36.h4 Kh8
37.Qd1 Rd8 38.Qc2 Qxd3 39.Qb3 Qd4 40.Qe6 Qf6 41.Qc4 Be5 42.f4 Bd4 43.f5 Bxf5
44.Rc7 Be5 45.Rxc6 Bxg3+ 46.Kxg3 Qe5+ 47.Kf2 Be4 48.Qc3 Qxc3 49.Rxc3 Rd4
50.Rc8+ Kg7 51.Rc7+ Kf6 52.Ke3 Rxa4 53.g3 Bf5 54.Rc6+ Be6 55.Ra6 h5 56.Ra8 Bg4
57.Re8 Rb4 58.Rf8+ Ke7 59.Ra8 a4 60.Ra5 Kd7  0-1